The waste electrical and electronic equipment regulations 2006 (Record no. 106237)
[ view plain ]
| 000 -LEADER | |
|---|---|
| fixed length control field | 01112cam a2200229 4500 |
| 001 - CONTROL NUMBER | |
| control field | L135912 |
| 008 - FIXED-LENGTH DATA ELEMENTS--GENERAL INFORMATION | |
| fixed length control field | 061218n2006 000 0 eng u |
| 035 ## - SYSTEM CONTROL NUMBER | |
| System control number | (Sirsi) u135912 |
| 041 0# - LANGUAGE CODE | |
| Language code of text/sound track or separate title | eng |
| 050 04 - LIBRARY OF CONGRESS CALL NUMBER | |
| Classification number | 614.76 $2 18 |
| 110 1# - MAIN ENTRY--CORPORATE NAME | |
| Corporate name or jurisdiction name as entry element | United Kingdom |
| Form subheading | Laws, etc |
| 9 (RLIN) | 5044 |
| 245 04 - TITLE STATEMENT | |
| Title | The waste electrical and electronic equipment regulations 2006 |
| 260 ## - PUBLICATION, DISTRIBUTION, ETC. | |
| Place of publication, distribution, etc. | London |
| Name of publisher, distributor, etc. | TSO |
| Date of publication, distribution, etc. | 2006 |
| 490 ## - SERIES STATEMENT | |
| Series statement | SI |
| -- | 2006 |
| -- | 3289 |
| 520 ## - SUMMARY, ETC. | |
| Summary, etc. | Came into force on 12th December 2006. These Regulations transpose the main provisions of Council Directive 2002/96/EC of 27th January 2003 on waste electrical and electronic equipment (OJ No. L37, 13.2.2003, p.24) as amended by Council Directive 2003/108/EC (OJ No. L345, 31.12.2003, p.106) (as amended "the Directive"). |
| 590 ## - LOCAL NOTE (RLIN) | |
| Local note | KA NTK |
| 650 24 - SUBJECT ADDED ENTRY--TOPICAL TERM | |
| Topical term or geographic name entry element | WASTE ELECTRICAL AND ELECTRONIC EQUIPMENT REGULATIONS 2006 |
| 651 #4 - SUBJECT ADDED ENTRY--GEOGRAPHIC NAME | |
| Geographic name | United Kingdom |
| Chronological subdivision | |
| 690 ## - LOCAL SUBJECT ADDED ENTRY--TOPICAL TERM (OCLC, RLIN) | |
| Topical term or geographic name as entry element | ENVIRONMENTAL AND LAND CONSULTANCY-WASTE MANAGEMENT-HAZARDOUS WASTE TREATMENT |
| 856 40 - ELECTRONIC LOCATION AND ACCESS | |
| Uniform Resource Identifier | <a href="https://www.opsi.gov.uk/si/si2006/20063289.htm">https://www.opsi.gov.uk/si/si2006/20063289.htm</a> |
| Public note | View the Statutory Instrument free of charge at www.opsi.gov.uk |
| 942 ## - ADDED ENTRY ELEMENTS (KOHA) | |
| Suppress in OPAC | 0 |
| Withdrawn status | Lost status | Source of classification or shelving scheme | Damaged status | Not for loan | Home library | Current library | Shelving location | Date acquired | Total Checkouts | Full call number | Barcode | Date last seen | Copy number | Price effective from | Koha item type |
|---|---|---|---|---|---|---|---|---|---|---|---|---|---|---|---|
| Dewey Decimal Classification | Virtual | Virtual | Online | 18/12/2006 | ONLINE PUBLICATION | 135912-1001 | 06/08/2019 | 1 | 06/08/2019 | Book |